<?xml version="1.0" encoding="UTF-8"?><?xml-stylesheet type="text/xsl" href="static/style.xsl"?><OAI-PMH xmlns="http://www.openarchives.org/OAI/2.0/" xmlns:xsi="http://www.w3.org/2001/XMLSchema-instance" xsi:schemaLocation="http://www.openarchives.org/OAI/2.0/ http://www.openarchives.org/OAI/2.0/OAI-PMH.xsd"><responseDate>2026-04-14T05:38:28Z</responseDate><request verb="GetRecord" identifier="oai:www.recercat.cat:2445/217481" metadataPrefix="marc">https://recercat.cat/oai/request</request><GetRecord><record><header><identifier>oai:recercat.cat:2445/217481</identifier><datestamp>2025-12-05T05:31:45Z</datestamp><setSpec>com_2072_1057</setSpec><setSpec>col_2072_478857</setSpec><setSpec>col_2072_478917</setSpec></header><metadata><record xmlns="http://www.loc.gov/MARC21/slim" xmlns:dcterms="http://purl.org/dc/terms/" xmlns:xsi="http://www.w3.org/2001/XMLSchema-instance" xmlns:doc="http://www.lyncode.com/xoai" xsi:schemaLocation="http://www.loc.gov/MARC21/slim http://www.loc.gov/standards/marcxml/schema/MARC21slim.xsd">
   <leader>00925njm 22002777a 4500</leader>
   <datafield ind2=" " ind1=" " tag="042">
      <subfield code="a">dc</subfield>
   </datafield>
   <datafield ind2=" " ind1=" " tag="720">
      <subfield code="a">Cao Costoya, David, 1983-</subfield>
      <subfield code="e">author</subfield>
   </datafield>
   <datafield ind2=" " ind1=" " tag="260">
      <subfield code="c">2025-01-14T16:36:52Z</subfield>
   </datafield>
   <datafield ind2=" " ind1=" " tag="260">
      <subfield code="c">2025-01-14T16:36:52Z</subfield>
   </datafield>
   <datafield ind2=" " ind1=" " tag="260">
      <subfield code="c">2024</subfield>
   </datafield>
   <datafield ind2=" " ind1=" " tag="260">
      <subfield code="c">2025-01-14T16:36:52Z</subfield>
   </datafield>
   <datafield ind2=" " ind1=" " tag="520">
      <subfield code="a">This article situates itself in the field of historiographic studies that deal with memory, the politics of death, and the commemorative cult of public figures.&#xd;
More specifically, it aligns with approaches that conceive funerals as significant ritual&#xd;
expressions within the repertoire of collective action and in the forging of communities.&#xd;
The funeral of Jacint Verdaguer (1845–1902) is considered here the first great posthumous homage to the deceased and a notable moment in the construction of his afterlives. Various aspects of this episode are analysed, from the factors that lent it an extraordinary character, the forms of expressing grief, the role played by the press, the relationship between the event and memory, as well as the plural meanings attributed to the figure of Verdaguer and early evidence of the contested appropriations of his legacy. As will be shown, the event was powerfully shaped by politics, giving it the character of what we might call, following Fureix, a contestatory or opposition burial. Careful study of this rite of passage ultimately demonstrates that Verdaguer was a common reference point through which Catalan society was able to negotiate, if not resolve, consensus and dissensus.</subfield>
   </datafield>
   <datafield tag="653" ind2=" " ind1=" ">
      <subfield code="a">Restauració, 1874-1931</subfield>
   </datafield>
   <datafield tag="653" ind2=" " ind1=" ">
      <subfield code="a">Catalunya</subfield>
   </datafield>
   <datafield tag="653" ind2=" " ind1=" ">
      <subfield code="a">Homenatges</subfield>
   </datafield>
   <datafield tag="653" ind2=" " ind1=" ">
      <subfield code="a">Memòria col·lectiva</subfield>
   </datafield>
   <datafield tag="653" ind2=" " ind1=" ">
      <subfield code="a">Restoration, 1874-1931</subfield>
   </datafield>
   <datafield tag="653" ind2=" " ind1=" ">
      <subfield code="a">Catalonia</subfield>
   </datafield>
   <datafield tag="653" ind2=" " ind1=" ">
      <subfield code="a">Festschriften</subfield>
   </datafield>
   <datafield tag="653" ind2=" " ind1=" ">
      <subfield code="a">Collective memory</subfield>
   </datafield>
   <datafield ind2="0" ind1="0" tag="245">
      <subfield code="a">"Verdaguer ha mort, visca Verdaguer!". Dol, memòria i política en el funeral d'un referent de la Catalunya contemporània</subfield>
   </datafield>
</record></metadata></record></GetRecord></OAI-PMH>